000 00819cam a2200289 4500500
005 20260329010100.0
041 _afre
042 _adc
100 1 0 _aOrtoli, Sven
_eauthor
245 0 0 _aBarbara Cassin : savoir (se) parler
260 _c2021.
500 _a62
690 _aBarbara Cassin
690 _aCommunication
690 _aDémagogie
690 _aDémocratie
690 _aGlobish
690 _aLangues
690 _aOralité
690 _aParole
690 _aPlaton
690 _aRhétorique
690 _aSocrate
690 _aSophistes
786 0 _nPhilosophie magazine - Hors séries | Hors-série Autome-hiver 2021 | HS51 | 2021-10-01 | p. 4-5 | 2104-9246
856 4 1 _uhttps://shs.cairn.info/magazine-philosophie-magazine-2021-hs51-page-4?lang=fr&redirect-ssocas=7080
999 _c1849341
_d1849341